Triple Crown Winners by Year - Statistics

General Stats
  • This quiz has been taken 68 times
  • The average score is 6 of 13
Answer Stats
Year Winner % Correct
1973 Secretariat
98%
1977 Seattle Slew
73%
1978 Affirmed
65%
1937 War Admiral
51%
2015 American Pharoah
49%
2018 Justify
39%
1948 Citation
35%
1941 Whirlaway
35%
1919 Sir Barton
31%
1930 Gallant Fox
29%
1935 Omaha
29%
1946 Assault
25%
1943 Count Fleet
24%
No matching quizzes found
Score Distribution
Percent of People with Each Score
Percentile by Number Answered
Your Score History
You have not taken this quiz